| 000 | 01494cam a2200373 i 4500 | ||
|---|---|---|---|
| 001 | 12873662 | ||
| 003 | EG-ScBUE | ||
| 005 | 20250617102924.0 | ||
| 008 | 020729t2010 nyua f b 001 0 eng d | ||
| 020 | _a1441930426 | ||
| 020 | _a9781441930422 | ||
| 040 |
_aDLC _beng _erda _cDLC _dDLC _dEG-ScBUE |
||
| 082 | 0 | 4 |
_a539.725 _222 _bMOH |
| 100 | 1 |
_aMohapatra, R. N. _q(Rabindra Nath) _eauthor. _923064 |
|
| 245 | 1 | 0 |
_aUnification and supersymmetry : _bthe frontiers of quark-lepton physics / _cRabindra N. Mohapatra. |
| 250 | _aThird edition. | ||
| 264 | 1 |
_aNew York : _bSpringer, _c[2010] |
|
| 264 | 4 | _cc2010 | |
| 300 |
_axx, 421 pages : _billustrations ; _c25 cm. |
||
| 336 |
_2rdacontent _atext _btxt |
||
| 337 |
_aunmediated _2rdamedia _bn |
||
| 338 |
_avolume _bnc _2rdacarrier |
||
| 490 | 0 | _aGraduate texts in contemporary physics | |
| 504 | _aIncludes bibliographical references and index. | ||
| 650 | 7 |
_aGrand unified theories (Nuclear physics) _2BUEsh _923065 |
|
| 650 | 7 |
_aSupersymmetry. _2BUEsh _923066 |
|
| 650 | 7 |
_aParticles (Nuclear physics) _2BUEsh _923067 |
|
| 653 | _cApril2011 | ||
| 655 | _vReading book | ||
| 856 | 4 | 2 |
_3Publisher description _uhttp://www.loc.gov/catdir/enhancements/fy0814/2002030271-d.html |
| 856 | 4 | 1 |
_3Table of contents only _uhttp://www.loc.gov/catdir/enhancements/fy0814/2002030271-t.html |
| 942 |
_2ddc _cBB |
||
| 999 |
_c15113 _d15113 |
||